សិក្សាេពីចំណូល និង ចំណាយថវិកាចំនួនម្ភៃគ្រួសារ នៅក្នងខេត្តកណ្តាលដើម្បីកំណត់ប្រភេទមួយក្នុងគំរោងថវិកាគ្រួសា (Record no. 1591)

000 -LEADER
fixed length control field 00643nam a22001457a 4500
003 - CONTROL NUMBER IDENTIFIER
control field OSt
005 - DATE AND TIME OF LATEST TRANSACTION
control field 20151001145727.0
008 - FIXED-LENGTH DATA ELEMENTS--GENERAL INFORMATION
fixed length control field 151001b xxu||||| |||| 00| 0 eng d
040 ## - CATALOGING SOURCE
Transcribing agency RUA
082 ## - DEWEY DECIMAL CLASSIFICATION NUMBER
Classification number AGR ជូ 1994 B002 Or.1
100 ## - MAIN ENTRY--PERSONAL NAME
9 (RLIN) 1689
Personal name ជួ វណ្ណះ
245 ## - TITLE STATEMENT
Title សិក្សាេពីចំណូល និង ចំណាយថវិកាចំនួនម្ភៃគ្រួសារ នៅក្នងខេត្តកណ្តាលដើម្បីកំណត់ប្រភេទមួយក្នុងគំរោងថវិកាគ្រួសា
300 ## - PHYSICAL DESCRIPTION
Extent 68p.
Other physical details ill.
Dimensions 29cm.
942 ## - ADDED ENTRY ELEMENTS (KOHA)
Source of classification or shelving scheme
Koha item type AGR
Holdings
Price effective from Date last seen Permanent Location Not for loan Date acquired Source of classification or shelving scheme Koha item type Lost status Damaged status Shelving location Withdrawn status Current Location Full call number
2015-10-012015-10-01Library Block B 2015-10-01 AGR  B002 Library Block BAGR ជូ 1994 B002 Or.1
មជ្ឈមណ្ឌលឯការនៃសាកលវិទ្យាល័យភូមិន្ទកសិកម្មចំការដូង

Powered by Koha